000 00867nam a2200253Ia 4500
003 OSt
005 20221005112227.0
006 a|||||r|||| 00| 0
007 ta
008 221004b |||||||| |||| 00| 0 pan d
020 _a8171433286 (hbk)
_c90
024 _a2804
037 _b708, 21/01/2013, Bright Book Service
_cTextual
040 _aCRL
_cCRL
_bpan
041 _2pan
_apan
082 _aO153,3NKAx, P3
100 _aਗੁਰਮੀਤ ਕੌਰ
245 0 _aਮੈ੍ਵ ਤੇ ਮੇਰੀ ਰਾਤ
260 _aਅੰਮ੍ਰਿਤਸਰ
_bਰਵੀ ਸਾਹਿਤ ਪ੍ਰਕਾFਨ ਭਾਰਤ
_c2003
300 _a92ਪੰ
_ccm.
650 _aਪੰਜਾਬੀ ਸਾਹਿਤ
942 _hO153,3NKAx, P3
_cTEXL
_2cc
999 _c1024255
_d1024255